300 Most Famous Cities in China on a Map - Statistics

General Stats
  • This quiz has been taken 220 times
    219 since last reset
  • The average score is 99 of 329
Answers on the Map
Answers color-coded by a green-red scale on the quiz's map according to % correct below.
 
Answer Stats
Wiki Monthly Views Cityquiz Mention Rate Baidu Index Population Answers % Correct
348.89K 83.94% 17.03K 18960.74K Beijing
97%
351.76K 75.61% 19.43K 21909.81K Shanghai
97%
998.59K 74.80% 14.20K 7413.07K Hong Kong
96%
194.99K 53.26% 10.67K 16096.72K Guangzhou
94%
89.46K 38.01% 9.01K 11052.40K Tianjin
92%
192.24K 57.15% 11.29K 10494.88K Wuhan
92%
175.28K 38.73% 13.78K 9580.82K Chongqing
91%
165.96K 40.71% 13.61K 17444.61K Shenzhen
91%
90.24K 40.85% 13.88K 9392.94K Xi'an
91%
87.75K 36.40% 15.00K 13568.36K Chengdu
90%
106.37K 41.40% 12.30K 7519.81K Nanjing
90%
396.59K 49.01% 4.92K 532.86K Macau
89%
68.27K 26.95% 9.23K 6165.28K Qingdao
89%
82.71K 31.45% 9.18K 5242.90K Harbin
88%
49.68K 22.56% 8.07K 4617.25K Xiamen
88%
88.20K 27.15% 10.70K 9236.03K Hangzhou
86%
57.12K 31.72% 4.31K 3842.56K Ürümqi
86%
10.83K 8.09% 2.98K 549.19K Dali
83%
54.75K 23.29% 7.41K 4913.88K Dalian
82%
23.25K 16.53% 6.45K 5055.98K Hefei
81%
35.15K 21.89% 6.34K 5273.14K Kunming
80%
29.81K 23.49% 4.21K 3723.45K Fuzhou
79%
1.87K - 1.59K 663.33K Fuzhou
79%
56.33K 24.29% 5.65K 7026.36K Shenyang
79%
34.08K 18.40% 5.88K 5630.26K Changsha
78%
54.64K 30.56% 2.37K 568.93K Lhasa
78%
23.53K 16.20% 5.60K 5648.16K Jinan
77%
19.25K 18.92% 4.83K 4582.70K Nanning
76%
35.71K 18.58% 8.53K 6461.01K Zhengzhou
76%
33.03K 14.46% 6.15K 3731.20K Ningbo
75%
51.00K 20.36% 10.15K 5892.89K Suzhou
74%
2.38K 3.27% 1.84K 920.72K Suzhou
74%
32.42K 15.30% 3.64K 4557.36K Changchun
72%
15.23K 13.90% 2.46K 2349.24K Haikou
72%
20.67K 13.17% 4.56K 3012.58K Lanzhou
72%
21.55K 13.75% 4.65K 2582.02K Wenzhou
72%
16.66K 11.14% 2.64K 3838.90K Shantou
69%
37.44K 18.78% 6.36K 9644.87K Dongguan
65%
16.75K 12.08% 3.86K 4303.67K Taiyuan
65%
26.36K 16.87% 3.06K 9042.51K Foshan
64%
22.56K 12.09% 5.90K 3956.99K Wuxi
64%
20.11K 10.47% 4.00K 2373.40K Hohhot
63%
16.47K 10.58% 5.51K 3518.97K Nanchang
63%
17.86K 12.77% 6.48K 5090.44K Shijiazhuang
63%
2.80K - 1.67K 343.06K Ya'an
63%
13.28K 9.97% 4.31K 4021.28K Guiyang
60%
7.11K 11.27% 2.76K 1509.29K Jilin
60%
6.44K 7.03% 2.51K 2750.31K Zibo
57%
6.90K 5.92% 1.82K 1480.33K Anshan
56%
6.45K 6.32% 4.27K 2743.84K Linyi
56%
2.99K 3.71% 1.84K 1255.62K Huainan
55%
43.52K 9.36% 6.18K 2230.66K Luoyang
55%
13.75K - 5.82K 2845.55K Xuzhou
55%
8.91K 8.05% 1.92K 2104.11K Baotou
54%
13.96K 9.19% 3.25K 1677.18K Xining
52%
13.03K 9.66% 3.09K 2311.89K Yantai
52%
8.64K 6.71% 2.20K 1809.51K Datong
51%
28.95K 8.82% 4.28K 1361.24K Guilin
51%
13.60K 6.22% 4.19K 2900.11K Huizhou
51%
7.92K - 3.64K 1485.50K Taizhou
51%
4.23K 2.86% 2.68K 1348.33K Taizhou
51%
9.29K 7.60% 3.62K 2549.97K Tangshan
51%
21.91K 8.06% 4.37K 2207.09K Zhuhai
51%
9.91K 8.38% 3.61K 2987.60K Nantong
50%
8.90K 7.13% 2.93K 1940.38K Baoding
49%
24.68K 6.58% 2.68K 1193.80K Kaifeng
49%
9.04K 5.56% 2.99K 1029.52K Qiqihar
49%
13.76K 8.14% 5.20K 3187.32K Changzhou
48%
13.12K 6.90% 3.08K 1662.97K Yinchuan
48%
7.13K - 2.67K 2204.84K Liuzhou
47%
6.51K 7.65% 2.92K 1998.40K Weifang
46%
4.85K 5.16% 2.00K 1604.03K Daqing
45%
5.27K 4.56% 3.23K 1804.61K Huai'an
45%
7.32K 5.88% 3.58K 1598.16K Wuhu
45%
11.50K 5.46% 3.74K 2095.13K Handan
44%
32.42K 8.05% 2.03K 392.73K Kashgar
44%
19.97K 9.14% 4.01K 1469.16K Quanzhou
44%
3.02K - 2.23K 1128.48K Luzhou
43%
6.91K 4.53% 2.76K 1539.39K Putian
43%
7.70K 5.14% 2.37K 1187.77K Anyang
42%
13.90K 6.63% 1.99K 3841.87K Zhongshan
42%
3.77K - 1.94K 1307.80K Maoming
41%
2.71K 3.54% 1.68K 467.62K Ji'an
40%
6.42K 4.11% 1.47K 877.56K Yulin
40%
2.77K - 1.93K 728.79K Yulin
40%
2.32K - 1.74K 1457.51K Cixi
38%
3.68K 3.47% 2.49K 1147.17K Rizhao
38%
12.12K 5.38% 3.46K 1339.64K Weihai
38%
22.72K 9.71% 5.07K 724.85K Sanya
37%
4.21K - 2.13K 1107.70K Baoji
36%
3.99K 3.71% 3.78K 1077.70K Bengbu
36%
3.72K 4.25% 2.07K 1416.59K Tai'an
36%
4.95K 3.59% 1.87K 1093.07K Chifeng
35%
2.99K 2.88% 3.15K 1191.81K Fuyang
35%
2.45K 3.99% 2.12K 1254.45K Nanchong
35%
14.86K 6.95% 4.56K 2067.25K Yangzhou
35%
15.56K 2.73% 3.72K 1481.38K Yiwu
35%
3.39K 3.90% 2.26K 1675.24K Zunyi
34%
7.35K 3.36% 3.08K 1188.32K Jiaxing
33%
4.41K 4.78% 2.02K 1021.48K Jinzhou
33%
18.16K 4.83% 3.76K 671.05K Ordos
33%
5.66K 4.89% 3.39K 1353.47K Yancheng
33%
2.55K 1.95% 1.40K 715.27K Ezhou
32%
2.54K - 2.09K 1069.94K Lu'an
32%
8.85K 4.63% 4.59K 1520.20K Qinhuangdao
32%
3.05K 3.40% 1.30K 808.22K Benxi
31%
5.87K 4.67% 2.00K 604.35K Chengde
31%
10.84K 5.07% 2.97K 1339.38K Zhangjiakou
31%
3.46K 4.81% 2.11K 1510.15K Zhuzhou
31%
6.25K 4.50% 1.53K 1228.89K Fushun
30%
4.11K 5.68% 2.59K 1700.05K Jining
30%
9.49K 4.97% 2.84K 2333.08K Shaoxing
30%
4.80K 5.26% 1.05K 147.30K Altay
29%
5.96K 5.19% 3.32K 1407.62K Nanyang
29%
2.80K 3.66% 1.26K 467.73K Wuwei
29%
5.89K 3.47% 4.98K 651.09K Beihai
28%
12.44K 6.39% 2.28K 748.98K Dandong
28%
5.61K - 3.10K 1778.13K Ganzhou
28%
10.28K 4.46% 1.35K 189.47K Heihe
28%
5.17K 4.12% 3.09K 1083.95K Huzhou
28%
5.31K 4.41% 2.37K 1549.50K Mianyang
28%
3.96K 3.43% 2.01K 1271.35K Xinxiang
28%
10.71K - 2.23K 354.44K Hulunbuir
27%
4.28K 4.77% 1.98K 1100.72K Changde
26%
15.19K 5.07% 1.95K 1254.01K Chaozhou
26%
2.01K 2.48% 1.99K 1135.82K Dazhou
26%
2.29K 2.55% 2.05K 1045.97K Pingdingshan
26%
9.57K 4.54% 3.44K 1686.40K Xiangyang
26%
7.28K 4.95% 2.10K 845.29K Zhangzhou
26%
10.99K 5.21% 3.19K 1400.71K Zhanjiang
26%
3.98K 3.17% 1.34K 470.60K Aksu
25%
2.78K 3.51% 2.32K 843.37K Dezhou
25%
1.91K 1.89% 1.34K 699.86K Fuxin
25%
6.71K 4.31% 2.04K 1040.95K Jinhua
25%
2.59K 2.00% 2.01K 824.40K Puyang
25%
3.56K 4.88% 1.41K 665.91K Wuzhou
25%
1.81K 1.95% 1.95K 514.07K Ankang
24%
4.35K 5.64% 2.38K 1185.13K Hengyang
24%
2.99K 3.24% 2.12K 1293.77K Heze
24%
8.78K 4.11% 1.89K 1795.46K Jiangmen
24%
2.28K - 1.46K 1078.15K Wanzhou
24%
1.83K 1.96% 1.35K 530.88K Wuhai
24%
16.41K 4.17% 2.64K 1192.78K Xianyang
24%
3.63K 3.53% 1.90K 1125.45K Yueyang
24%
14.02K 3.52% 1.03K 143.46K Turpan
23%
3.27K 1.16% 0.87K 327.11K Xilinhot/Xilingol
23%
20.68K 3.60% 8.35K 364.22K Zhangjiajie
23%
4.07K 3.06% 2.38K 759.40K Cangzhou
22%
1.57K 2.58% 1.45K 830.89K Huaibei
22%
7.24K 3.60% 2.69K 950.22K Jingzhou
22%
2.30K 3.18% 1.11K 626.02K Jixi
22%
5.26K 3.99% 2.36K 886.49K Langfang
22%
7.09K - 4.88K 1071.02K Lianyungang
22%
6.34K 3.14% 1.80K 694.50K Meizhou
22%
2.85K - 1.38K 394.27K Ulanqab
22%
3.23K 2.94% 2.05K 1480.75K Xingtai
22%
21.39K 1.92% 1.57K 630.61K Yanji/Yanbian
22%
4.43K 3.55% 2.49K 728.50K Anqing
21%
4.88K 1.84% 2.21K 1230.60K Changshu
21%
3.32K 1.18% 0.78K 74.25K Erenhot
21%
9.32K 3.04% 4.02K 1652.16K Kunshan
21%
9.40K 4.09% 1.92K 234.93K Manzhouli
21%
4.72K 2.63% 1.74K 1197.58K Qingyuan
21%
2.96K 2.24% 1.82K 1342.22K Shangrao
21%
7.57K 3.50% 2.83K 1123.81K Zhenjiang
21%
3.02K - 1.95K 961.30K Dongying
20%
4.49K 3.36% 2.72K 698.56K Jiamusi
20%
13.22K 3.78% 5.08K 238.83K Lijiang
20%
4.66K 2.60% 1.60K 696.39K Linfen
20%
3.10K - 2.28K 784.61K Ma'anshan
20%
2.10K 2.51% 1.93K 1349.88K Zaozhuang
20%
2.56K 1.89% 1.66K 523.00K Zhoukou
20%
2.17K 1.83% 1.32K 513.85K Anshun
19%
11.88K 4.44% 0.82K 293.06K Hotan
19%
3.30K - 2.20K 764.24K Huludao
19%
3.78K 2.18% 1.93K 1331.35K Jiangyin
19%
4.44K 4.77% 1.24K 327.49K Jiuquan
19%
4.59K 3.03% 1.51K 802.82K Leshan
19%
3.70K 2.45% 2.41K 1031.12K Shangqiu
19%
7.89K 3.76% 1.01K 94.46K Shigatse
19%
3.51K 2.78% 2.29K 1100.74K Yibin
19%
6.95K 4.65% 3.16K 1284.31K Yichang
19%
3.85K 2.66% 1.46K 592.58K Yingkou
19%
4.14K 3.08% 0.66K 50.13K Chamdo
18%
2.80K 2.13% 2.17K 648.86K Chuzhou
18%
14.30K - 1.31K 654.73K Ghulja/Ili
18%
6.19K 4.06% 0.86K 426.07K Hami
18%
2.48K - 1.48K 980.42K Panjin
18%
13.45K 1.20% 4.56K 75.30K Shangri-La/Diqing
18%
3.54K 2.80% 2.53K 1014.84K Xinyang
18%
2.88K 2.11% 1.94K 750.57K Bozhou
17%
2.10K 1.81% 1.65K 1047.46K Changzhi
17%
3.38K 3.63% 2.44K 819.88K Chenzhou
17%
2.23K 1.99% 2.62K 492.27K Enshi
17%
4.30K 3.71% 1.96K 1242.91K Jieyang
17%
5.68K 3.31% 2.45K 957.42K Jiujiang
17%
4.98K 2.86% 1.38K 332.47K Karamay
17%
3.57K 2.28% 1.21K 764.50K Liaoyang
17%
6.25K 3.16% 1.78K 808.22K Mudanjiang
17%
3.97K 2.52% 1.69K 425.50K Ningde
17%
2.91K 2.62% 1.43K 771.05K Qinzhou
17%
4.17K 3.28% 2.79K 576.69K Quzhou
17%
3.91K 3.31% 1.31K 345.37K Shanwei
17%
1.71K 1.76% 1.47K 526.61K Suizhou
17%
2.80K - 2.84K 1081.56K Suqian
17%
9.69K 0.69% 1.03K 433.27K Taishan
17%
3.84K 3.25% 1.73K 752.90K Tianshui
17%
1.92K 2.02% 1.52K 384.42K Xinzhou
17%
7.29K 2.28% 2.15K 850.40K Xuchang
17%
3.76K 2.05% 1.85K 859.60K Yangjiang
17%
8.30K 3.49% 2.89K 645.65K Zhoushan
17%
2.93K 2.80% 2.16K 754.32K Zhumadian
17%
19.23K - 3.01K 129.85K Dunhuang
16%
6.40K 3.20% 2.68K 673.48K Hanzhong
16%
3.91K 3.29% 6.45K 418.99K Huangshan
16%
2.27K 1.93% 1.56K 874.73K Jiaozuo
16%
6.43K 3.10% 1.89K 295.26K Jiayuguan
16%
8.12K 2.93% 2.82K 540.82K Jingdezhen
16%
3.31K 3.00% 1.51K 868.57K Zigong
16%
1.51K 2.00% 1.08K 372.52K Baicheng
15%
2.49K 1.61% 1.27K 413.12K Bayannur
15%
2.15K 2.43% 1.88K 646.46K Binzhou
15%
2.55K 2.48% 1.51K 581.00K Chaoyang
15%
2.03K 1.99% 1.53K 608.86K Deyang
15%
2.04K 2.83% 1.95K 885.47K Hengshui
15%
16.04K 0.96% 4.30K 358.52K Jinghong/Xishuangbanna
15%
1.83K 2.35% 1.68K 606.80K Liupanshui
15%
1.85K - 1.27K 732.76K Meishan
15%
3.12K 2.74% 1.18K 327.60K Nanping
15%
3.54K - 1.57K 327.73K Pu'er
15%
1.91K 2.21% 1.54K 534.53K Qingzhou
15%
7.74K 1.84% 2.06K 395.52K Qufu
15%
2.13K 1.72% 1.57K 976.16K Qujing
15%
2.46K - 1.97K 449.33K Sanmenxia
15%
3.66K 2.89% 2.02K 954.91K Shiyan
15%
1.57K 2.08% 1.26K 355.70K Suihua
15%
3.58K 3.05% 1.66K 647.94K Tongliao
15%
3.57K 2.97% 1.38K 978.00K Xiangtan
15%
5.52K 3.18% 1.62K 278.09K Zhangye
15%
2.03K - 1.13K 452.16K Danzhou
14%
3.41K - 1.80K 416.75K Fangchenggang
14%
2.23K 2.21% 1.79K 695.89K Huangshi
14%
1.96K 1.92% 1.38K 628.03K Jingmen
14%
2.52K 2.00% 2.37K 1020.43K Liaocheng
14%
4.36K 2.47% 2.07K 429.63K Lishui
14%
24.33K 5.22% 0.91K 398.58K Lüshun
14%
2.62K 2.72% 1.06K 378.42K Sanming
14%
2.47K - 1.59K 703.61K Shaoyang
14%
2.31K 2.33% 1.34K 485.71K Siping
14%
2.46K 2.37% 1.09K 120.35K Tieling
14%
2.06K 2.49% 1.27K 331.64K Yichun
14%
3.00K 2.24% 1.72K 514.83K Hegang
13%
2.54K 2.18% 1.79K 583.16K Huaihua
13%
1.92K 1.78% 1.64K 574.66K Jincheng
13%
4.66K - 1.43K 722.33K Longyan
13%
1.75K 1.55% 1.74K 807.75K Luohe
13%
4.27K - 1.21K 60.70K Nyingchi
13%
1.98K - 1.37K 1012.73K Rui'an
13%
4.80K 3.14% 1.77K 803.38K Shaoguan
13%
1.60K 1.49% 1.59K 829.36K Suining
13%
3.85K 2.17% 1.14K 77.53K Tonghua
13%
9.10K - 2.49K 488.22K Yan'an
13%
3.18K 2.21% 1.89K 692.00K Yuncheng
13%
2.02K 1.65% 2.45K 426.99K Yuxi
13%
6.04K 2.98% 2.09K 1035.81K Zhaoqing
13%
1.62K 1.84% 3.02K 306.60K Baiyin
12%
1.72K 1.57% 1.46K 695.17K Bijie
12%
1.59K 1.50% 1.47K 417.34K Chizhou
12%
1.80K 1.87% 1.44K 556.84K Guangyuan
12%
1.61K - 0.47K 125.05K Haidong
12%
5.30K 3.17% 31.18K 1416.15K Jinjiang
12%
4.68K 1.20% 1.12K 69.73K Kangding/Garzê
12%
4.01K 1.50% 1.40K 490.96K Korla/Bayingolin
12%
2.93K - 2.15K 686.06K Panzhihua
12%
1.58K 2.00% 1.06K 388.85K Shuangyashan
12%
2.28K 1.81% 1.46K 508.06K Weinan
12%
4.52K 1.67% 2.02K 636.37K Xichang/Liangshan
12%
1.99K 1.79% 1.33K 758.41K Yiyang
12%
2.69K - 1.63K 694.39K Yongzhou
12%
3.01K 0.52% 1.20K 337.52K Baise
11%
3.50K - 1.19K 197.15K Golmud
11%
2.05K - 1.20K 85.50K Gyêgu
11%
2.61K - 1.46K 319.57K Jishou/Xiangxi
11%
4.74K - 1.56K 53.46K Mohe
11%
4.23K 1.64% 0.59K 31.44K Nagqu
11%
1.93K 1.37% 1.54K 480.88K Xianning
11%
1.45K 1.40% 1.46K 647.27K Yangquan
11%
2.59K - 0.75K 65.42K Delingha/Haixi
10%
2.03K - 1.43K 485.18K Guang'an
10%
1.78K 1.75% 1.50K 571.04K Hebi
10%
3.50K 2.04% 1.53K 662.95K Heyuan
10%
3.47K - 1.44K 367.61K Huanggang
10%
1.96K - 1.29K 519.24K Kaili/Qiandongnan
10%
8.84K - 0.57K 2.33K Sansha
10%
4.86K - 1.10K 103.36K Shaoshan
10%
3.05K - 0.63K 122.45K Tacheng
10%
2.45K 1.67% 1.07K 341.86K Wenchang
10%
2.01K 2.18% 1.49K 742.45K Xiaogan
10%
5.94K 0.97% 0.26K 283.62K Yarkant
10%
2.66K 2.16% 1.15K 380.04K Yunfu
10%
3.60K 1.67% 2.33K 1055.89K Zhangjiagang
10%
7.35K 0.56% 9.59K 148.17K Fenghuang
9%
2.05K 1.78% 1.38K 733.84K Pingxiang
9%
7.61K 0.68% 2.61K 216.30K Pingyao
9%
2.49K 0.92% 1.30K 935.67K Puning
9%
2.30K - 1.14K 306.36K Ruijin
9%
3.65K - 0.25K 105.86K Artush/Kizilsu
8%
4.82K 1.12% 1.17K 744.77K Fuqing
8%
2.25K 1.59% 1.10K 461.66K Shihezi
8%
2.59K - 1.74K 238.97K Tengchong
8%
3.60K - 2.31K 889.87K Yixing
8%
3.51K 1.64% 1.21K 589.26K Zhaotong
8%
3.05K - 2.15K 208.66K Ruili
7%
3.99K - 1.67K 586.83K Taicang
7%
5.18K - 0.22K 7.68K Tashkurgan
7%
3.47K - 0.85K 426.74K Dengfeng
6%
4.72K - 2.75K 2.00K Huaxi Village
6%
4.43K 0.88% 0.97K 189.76K Hunchun
6%
4.93K - 0.82K 430.04K Kaiping
6%
3.95K - 0.97K 71.47K Khorgos
6%
3.43K - 0.73K 270.32K Qingtian
6%
7.79K - 2.12K 404.31K Shunde
6%
3.66K 1.00% 0.97K 111.45K Suifenhe
6%
6.30K 0.71% 2.05K 85.93K Yangshuo
6%
4.00K - 0.15K 102.39K Yanjin
6%
2.28K 1.08% 1.56K 1013.87K Yuyao
6%
5.01K - 1.33K 2658.40K Panyu
5%
5.24K 0.42% 6.89K 60.00K Wuzhen
5%
4.90K 0.33% 0.63K 909.28K Xinhui
4%
No matching quizzes found
Score Distribution
Percent of People with Each Score
Percentile by Number Answered
Your Score History
You have not taken this quiz since the last reset